Разговор за Палестина (Запис номер 521424)
[ съкратено ]
| 000 -Лидер | |
|---|---|
| Лидер | 01349nam a2200313 a 4500 |
| 003 - Код на организацията, давaща контролен номер | |
| Код на организацията, даваща контролен номер | BLK |
| 005 - Дата и час на последна редакция | |
| Дата и час на последна редакция | 20250215134640.0 |
| 007 - Фиксирано поле за физическо описани | |
| Физическо описание | ta |
| 008 - Елементи от данни с фиксирана дължина | |
| Елементи с фиксирана дължина | 221104b bu |||||r|||| 00| | bu d |
| 020 ## - Международен стандартен номер на книга ISBN | |
| ISBN | 9786197470420 |
| 040 ## - Източник на каталожния запис | |
| Код на библиотеката | BLK |
| 041 ## - Код за език | |
| Език | Български |
| Език за КДБФ | Български |
| 080 ## - УДК | |
| 9 (RLIN) | 234387 |
| УДК текст | Международни политически отношения. Световна политика. Международна политика. Дипломация |
| УДК код | 327 |
| УДК – код + определител | 327 |
| 084 ## - Класификационен индекс по друга класификация | |
| Авторски знак | Мали - М 22 |
| 100 ## - Редна дума - Автор | |
| R(LIN) | 496018 |
| Автор | Малинов, Николай |
| 245 ## - Сведения за заглавието | |
| Заглавие | Разговор за Палестина |
| Подзаглавни данни | поглед върху историята на конфликта между араби и евреи |
| Авторска отговорност | Николай Малинов, Вихра Павлова, Валентин Радомирски |
| 260 ## - Област на издателските данни | |
| 9 (RLIN) | 214016 |
| Място на издаване | София |
| Име на издателя | Новата цивилизация |
| Година на издаване | 2024 |
| 300 ## - Физическа характеристика | |
| Брой страници | 144 с. |
| Размер | 20 см |
| 380 ## - Жанр | |
| Жанр | Обществени науки |
| 650 #7 - Допълнително описание по предмет – тема | |
| 9 (RLIN) | 165558 |
| Предметна рубрика | Палестина |
| 650 #7 - Допълнително описание по предмет – тема | |
| Предметна рубрика | Военни конфликти |
| Източник на редна или ключова дума | |
| 9 (RLIN) | 151085 |
| 650 #0 - Допълнително описание по предмет – тема | |
| 9 (RLIN) | 247745 |
| Предметна рубрика | Външна политика |
| 700 ## - Други автори (авторска отговорност) | |
| 9 (RLIN) | 496019 |
| Друг автор | Павлова, Вихра |
| 700 1# - Други автори (авторска отговорност) | |
| 9 (RLIN) | 114314 |
| Друг автор | Радомирски, Валентин |
| 852 ## - Местоположение | |
| Отдел | Заемна - подръчен фонд |
| Систематично-азбучна сигнатура | 327/М 22 Н |
| 856 ## - Електронен адрес и достъп | |
| Инструкция (цена за достъп) | 0.00 |
| Права за достъп | disable |
| 942 ## - АРТИКУЛИ | |
| Вид на библиотечния документ | Книги |
| Скрит в OPAC | Не |
| 944 ## - СЪЗДАВАНЕ И РЕДАКЦИЯ на ЗАПИСА | |
| Създаване/Редакция | |
| Дата на регистрацията/редакция | Моника Янева |
| Служител, извършил регистрацията/редакцията | 30560 |
| Номер на служител | Геновева Генчева |
| 999 ## - СИСТЕМНИ КОНТРОЛНИ НОМЕРА | |
| Koha biblionumber | 521424 |
| Koha biblioitemnumber | 521424 |
| Код за отписване | Код за изгубен артикул | Източник на класификационната схема | Код за повреда | Код за отдаване | Артикулен № | Име на библиотеката - собственик | Име на библиотеката, в която се намира в момента | Статус (Текущо местоположение) | Дата на вписване в системата | Местоположение - отдел | Цена в лева | Инвентарен номер | Систематично азбучна сигнатура | Баркод | Цена в евро | Служебен тип на артикула |
|---|---|---|---|---|---|---|---|---|---|---|---|---|---|---|---|---|
| Не е изгубен | Universal Decimal Classification | Не е повреден | заемане за дома | 954377 | Регионална библиотека "Любен Каравелов" Русе | Регионална библиотека "Любен Каравелов" Русе | Заемна - подръчен фонд | 2024-11-08 | Заемна - подръчен фонд | 10.00 | 120000915061 | 327/М 22 Н | 120000915061 | 5.11 | Книги |